Goodman and Gilman's The Pharmacological Basis of Therapeutics (Record no. 16622)
[ view plain ]
| 000 -LEADER | |
|---|---|
| fixed length control field | 00369nam a22001457a 4500 |
| 003 - CONTROL NUMBER IDENTIFIER | |
| control field | OSt |
| 005 - DATE AND TIME OF LATEST TRANSACTION | |
| control field | 20170105103446.0 |
| 008 - FIXED-LENGTH DATA ELEMENTS--GENERAL INFORMATION | |
| fixed length control field | 131202t xxu||||| |||| 00| 0 eng d |
| 020 ## - INTERNATIONAL STANDARD BOOK NUMBER | |
| International Standard Book Number | 0-07-142280-3 |
| 040 ## - CATALOGING SOURCE | |
| Transcribing agency | ASAB |
| 100 ## - MAIN ENTRY--PERSONAL NAME | |
| Personal name | Laurence L. Brunton |
| 9 (RLIN) | 353 |
| 245 ## - TITLE STATEMENT | |
| Title | Goodman and Gilman's The Pharmacological Basis of Therapeutics |
| 250 ## - EDITION STATEMENT | |
| Edition statement | 11th Ed. |
| 942 ## - ADDED ENTRY ELEMENTS (KOHA) | |
| Source of classification or shelving scheme | |
| Koha item type | Book |
| Withdrawn status | Lost status | Source of classification or shelving scheme | Damaged status | Not for loan | Collection code | Permanent Location | Current Location | Date acquired | Total Checkouts | Full call number | Barcode | Date last seen | Price effective from | Koha item type |
|---|---|---|---|---|---|---|---|---|---|---|---|---|---|---|
| Atta-ur-Rahman School of Applied Biosciences (ASAB) | Atta-ur-Rahman School of Applied Biosciences (ASAB) | 12/02/2013 | 615.7 GIL | ASAB455 | 12/02/2013 | 12/02/2013 | Book |
